00626cpmaa2200205 4500001001300000003000400013005001700017008004100034010001700075040002400092072001200116100001400128245012100142300001300263506002200276546003500298580005700333650001300390999001700403mm 82004111 DLC20260227111711.0820329|||||||||||| ger  amm 82004111  aDLCcDLCedacsdDLC 7aL2lcmd1 aBarth, M.00aHerrn M Barths Predigt am 17 Sontage nach Trinitatis 1748 In der Peters Kirche zu Leipzig gehalten :ksermon,f1748. a1fitem.0 aOpen to research. aCollection material in German. aForms part of: Miscellaneous Manuscripts collection. 0aSermons. c43387d43387